| 000 | 01390nam0a2200397 4500 | ||
|---|---|---|---|
| 001 | RU\NLR\bibl\305493 | ||
| 005 | 20250620150406.0 | ||
| 010 |
_a5-217-03112-3 _bВ пер. _91000 |
||
| 021 |
_aRU _b2002-21992 _91100 |
||
| 035 | _a(NLR Aleph) 000300659 | ||
| 090 |
_a1761537 _c1761537 |
||
| 100 | _a20020904d2002 |||y0rusy50 ca | ||
| 101 | 0 | _arus | |
| 102 | _aRU | ||
| 105 | _aac ||||||||| | ||
| 200 | 1 |
_aИстория конструкций самолетов в СССР до 1938 г. _fВ. Б. Шавров |
|
| 205 | _a5-е изд., испр. | ||
| 210 |
_aМ. _cМашиностроение _d2002 |
||
| 215 |
_a703 с. _cил., портр. _d21 |
||
| 313 | _a4 изд. 2002г | ||
| 320 | _aБиблиогр.: с. 697-698 | ||
| 606 | 0 |
_aСамолетостроение _xИстория _yСССР _91236858 _3RU\NLR\auth\66504913 |
|
| 610 | 0 | _aСамолетостроение в СССР - История | |
| 610 | 0 | _aСССР, авиастроение | |
| 675 |
_a629.73(47+57) _v3 _zrus |
||
| 686 |
_a55.47 _2rugasnti |
||
| 686 |
_a39.52 _2rubbk |
||
| 686 | _aО53г(2) | ||
| 700 | 1 |
_4070 _aШавров _bВ. Б. _f1898-1976 _gВадим Борисович _9164123 _3RU\NLR\AUTH\770164167 |
|
| 801 | 0 |
_aRU _bRKP _c20020904 _gPSBO |
|
| 801 | 1 |
_aRU _bRKP _c20020904 |
|
| 801 | 2 |
_aRU _bNLR _c20021002 _grcr |
|
| 942 | _cBOOK | ||
| 980 | _aNB | ||